000 00677nam a2200205 i 4500
001 129076
003 ES-MaACL
005 20230906193431.0
007 t|
008 070605s1963 sp ||||1| spa d
100 1 _aTeilhard de Chardin, Margarita María.
_9109520
245 1 0 _aEnergía espiritual del sufrimiento /
_cMargarita María Teilhard de Chardin ; traducción al castellano a cargo de Ana Salles Bonastre.
260 _aBarcelona :
_bFontanella,
_c1963.
300 _a215 p. ;
_c19 cm.
490 1 _aDe Espiritu
700 1 _aSalles Bonastre, Ana.
_9101981
830 0 _aDe Espiritu
_9219319
852 _aES-MaACL
_jC-23269
_bR.51842
999 _c129076
_d129076